00732nam a2200217Ia 4500003000900000008004100009020001800050040001600068080001700084245010300101260003700204300001000241650001900251650001700270650002100287700003100308700003500339942000700374999001500381952011800396IN-BaIIA211028s9999 xx 000 0 eng d a0-85685-031-4 cIIA Library a635.965bGHB 0aplants for potscedited by Ursula Robertshaw and Lynn Dicknett  aLondonbGolden Hands Booksc1975 a127p. aNASA thesaurus aPlants97639 aPot plants99928 aDicknett, Lynn., ed.99929 aRobertshaw, Ursula., ed.99930 cBK c5733d5733 00104070aBANbBANcGENd1978-03-16g16.43l0o635.965/ GHBp6409r2021-11-05v16.43w1978-03-16yBKGRs. 16.43